000 00411cam a22001097a 4500
008 180718b1969 xxu||||| |||| 00| 0 eng d
082 _aR2303x5452 M267r/1965
245 _aReport on the working of the payment of wages act, 1936 in the state of Madras
_cby Commissioner of Labour
260 _aTamilnadu
_bThe Director of Stationery And Printing
_c1969
300 _a34p.
700 _aChennai. Commissioner of Labour
999 _c497089
_d497089